| 000 | 01066nam a22002657a 4500 | ||
|---|---|---|---|
| 003 | PE SENCICO BE | ||
| 005 | 20251020182707.0 | ||
| 008 | 240304b |||||||| |||| 00| 0 eng d | ||
| 040 |
_aPE SENCICO BE _cPE SENCICO BE |
||
| 041 | _aspa | ||
| 084 |
_aI _aDIS _a2013 _bG91 |
||
| 100 | 1 |
_92007 _aGuillén Chamochumbi, Rocio del Pilar _eautor |
|
| 245 | 1 |
_aLoft para joven discapacitado / _cRocio del Pilar Guillén Chamochumbi |
|
| 260 |
_aLima : _c2013 |
||
| 300 |
_a49 h. : _bplanos, _c46 x 63 cm. |
||
| 502 | _aMonografía de Titulación.-- Servicio Nacional de Capacitación para la Industria de la Construcción. Escuela Superior Técnica. Carrera Profesional Técnica en Diseño de Interiores, 2013. | ||
| 650 | 1 | 0 |
_944 _aDiseño de interiores |
| 650 | 2 | 0 |
_91967 _aAcceso para personas con discapacidad |
| 650 | 2 | 0 |
_92008 _aLofts |
| 650 | 2 | 0 |
_92009 _aDiseño de lofts |
| 650 | 2 | 0 |
_9615 _aPlanos |
| 710 | 1 |
_aServicio Nacional de Capacitación para la Industria de la Construcción. _bEscuela Superior Técnica _91065 |
|
| 910 |
_bhfp _chfp |
||
| 942 | _cMON | ||
| 999 |
_c4979 _d4979 |
||